000 00332cam a2200145ua 4500
041 _aeng
_h
082 _a920
_bSCH/KO
100 _aSchneirson, .
245 _aKonstantin Stanislavisky 1863-1963
260 _aMoscow :
_bProgress Publishers ,
_c1963.
300 _a295 ; .
504 _a
942 _cBK
999 _c4345
_d4345